gminy województwa małopolskiego z mapą - Statystyki

Ogólne statystyki
  • Ten quiz został rozwiązany 978 razy
  • Średni wynik to 79 z 182
Odpowiedzi na mapie
Odpowiedzi zakodowano w zielono-czerwonej skali na mapie do tego quizu, zgodnie z poniższymi procentami.
 
Statystyki odpowiedzi
Powiat Rodzaj gminy Odpowiedź % Poprawnych
Krakowski gmina miejska Kraków
94%
Tatrzański gmina miejska Zakopane
89%
Tarnowski gmina miejska | gmina wiejska Tarnów
88%
Wielicki gmina miejsko-wiejska Wieliczka
86%
Bocheński gmina miejska | gmina wiejska Bochnia
85%
Nowosądecki gmina miejska Nowy Sącz
85%
Nowotarski gmina miejska | gmina wiejska Nowy Targ
83%
Myślenicki gmina miejsko-wiejska Myślenice
82%
Brzeski gmina miejsko-wiejska Brzesko
80%
Gorlicki gmina miejska | gmina wiejska Gorlice
80%
Limanowski gmina miejska | gmina wiejska Limanowa
80%
Oświęcimski gmina miejska | gmina wiejska Oświęcim
80%
Wadowicki gmina miejsko-wiejska Wadowice
79%
Olkuski gmina miejsko-wiejska Olkusz
77%
Chrzanowski gmina miejsko-wiejska Chrzanów
76%
Miechowski gmina miejsko-wiejska Miechów
76%
Proszowicki gmina miejsko-wiejska Proszowice
75%
Nowotarski gmina miejsko-wiejska Rabka-Zdrój
73%
Dąbrowski gmina miejsko-wiejska Dąbrowa Tarnowska
71%
Nowosądecki gmina miejsko-wiejska Stary Sącz
71%
Krakowski gmina miejsko-wiejska Skawina
70%
Suski gmina miejska Sucha Beskidzka
70%
Wielicki gmina miejsko-wiejska Niepołomice
68%
Nowosądecki gmina miejsko-wiejska Krynica-Zdrój
67%
Nowosądecki gmina miejsko-wiejska Muszyna
64%
Tatrzański gmina wiejska Poronin
63%
Nowotarski gmina miejsko-wiejska Szczawnica
63%
Wadowicki gmina miejsko-wiejska Andrychów
61%
Nowotarski gmina miejsko-wiejska Czarny Dunajec
61%
Limanowski gmina miejska | gmina wiejska Mszana Dolna
61%
Chrzanowski gmina miejsko-wiejska Trzebinia
61%
Oświęcimski gmina miejsko-wiejska Zator
60%
Tatrzański gmina wiejska Bukowina Tatrzańska
59%
Tatrzański gmina wiejska Biały Dunajec
58%
Krakowski gmina miejsko-wiejska Krzeszowice
58%
Nowosądecki gmina miejsko-wiejska Piwniczna-Zdrój
58%
Myślenicki gmina miejsko-wiejska Dobczyce
57%
Suski gmina miejska | gmina wiejska Jordanów
56%
Wadowicki gmina miejsko-wiejska Kalwaria Zebrzydowska
56%
Suski gmina miejsko-wiejska Maków Podhalański
56%
Tatrzański gmina wiejska Kościelisko
55%
Bocheński gmina miejsko-wiejska Nowy Wiśnicz
55%
Olkuski gmina miejsko-wiejska Wolbrom
55%
Krakowski gmina wiejska Zielonki
55%
Chrzanowski gmina miejsko-wiejska Alwernia
53%
Wielicki gmina wiejska Gdów
52%
Oświęcimski gmina miejsko-wiejska Kęty
52%
Krakowski gmina wiejska Mogilany
51%
Proszowicki gmina miejsko-wiejska Nowe Brzesko
50%
Myślenicki gmina wiejska Pcim
50%
Krakowski gmina miejsko-wiejska Skała
50%
Nowosądecki gmina miejska | gmina wiejska Grybów
49%
Chrzanowski gmina miejsko-wiejska Libiąż
49%
Krakowski gmina miejsko-wiejska Słomniki
49%
Limanowski gmina wiejska Tymbark
49%
Tarnowski gmina miejsko-wiejska Żabno
49%
Brzeski gmina miejsko-wiejska Czchów
48%
Suski gmina wiejska Zawoja
48%
Nowotarski gmina wiejska Krościenko nad Dunajcem
47%
Krakowski gmina miejsko-wiejska Świątniki Górne
47%
Nowotarski gmina wiejska Szaflary
47%
Tarnowski gmina miejsko-wiejska Tuchów
47%
Nowotarski gmina wiejska Czorsztyn
46%
Nowotarski gmina wiejska Jabłonka
46%
Wielicki gmina wiejska Kłaj
46%
Krakowski gmina wiejska Zabierzów
46%
Gorlicki gmina miejsko-wiejska Biecz
45%
Dąbrowski gmina miejsko-wiejska Szczucin
45%
Proszowicki gmina miejsko-wiejska Koszyce
44%
Krakowski gmina wiejska Liszki
44%
Tarnowski gmina miejsko-wiejska Wojnicz
44%
Tarnowski gmina miejsko-wiejska Ciężkowice
41%
Krakowski gmina wiejska Czernichów
41%
Krakowski gmina wiejska Michałowice
41%
Nowosądecki gmina wiejska Rytro
40%
Nowotarski | Wadowicki gmina wiejska Spytkowice
40%
Tarnowski gmina miejsko-wiejska Zakliczyn
40%
Nowosądecki gmina wiejska Łącko
39%
Gorlicki gmina miejsko-wiejska Bobowa
38%
Oświęcimski gmina miejsko-wiejska Brzeszcze
38%
Limanowski gmina wiejska Dobra
38%
Miechowski gmina miejsko-wiejska Książ Wielki
38%
Myślenicki gmina miejsko-wiejska Sułkowice
38%
Olkuski gmina wiejska Klucze
37%
Limanowski gmina wiejska Niedźwiedź
37%
Gorlicki gmina wiejska Uście Gorlickie
37%
Wielicki gmina wiejska Biskupice
36%
Olkuski gmina miejska Bukowno
36%
Brzeski gmina wiejska Gnojnik
36%
Wadowicki gmina wiejska Lanckorona
36%
Nowotarski gmina wiejska Ochotnica Dolna
36%
Nowotarski gmina wiejska Raba Wyżna
36%
Krakowski gmina wiejska Wielka Wieś
36%
Dąbrowski | Olkuski gmina wiejska Bolesław
35%
Nowosądecki gmina wiejska Gródek nad Dunajcem
35%
Bocheński gmina wiejska Lipnica Murowana
35%
Nowosądecki gmina wiejska Łososina Dolna
35%
Brzeski gmina wiejska Szczurowa
35%
Krakowski gmina wiejska Igołomia-Wawrzeńczyce
34%
Limanowski gmina wiejska Kamienica
34%
Krakowski gmina wiejska Kocmyrzów-Luborzyca
34%
Oświęcimski gmina miejsko-wiejska Chełmek
33%
Myślenicki gmina wiejska Lubień
33%
Tarnowski gmina miejsko-wiejska Radłów
33%
Chrzanowski gmina wiejska Babice
32%
Nowosądecki gmina wiejska Chełmiec
32%
Krakowski gmina wiejska Iwanowice
32%
Krakowski gmina wiejska Jerzmanowice-Przeginia
32%
Limanowski gmina wiejska Laskowa
32%
Tarnowski gmina miejsko-wiejska Ryglice
32%
Bocheński gmina wiejska Łapanów
31%
Nowotarski gmina wiejska Łapsze Niżne
31%
Nowotarski gmina wiejska Lipnica Wielka
31%
Gorlicki gmina wiejska Ropa
31%
Krakowski gmina wiejska Sułoszowa
31%
Myślenicki gmina wiejska Wiśniowa
31%
Nowosądecki gmina wiejska Nawojowa
30%
Tarnowski gmina wiejska Wierzchosławice
30%
Brzeski gmina wiejska Iwkowa
29%
Tarnowski gmina wiejska Lisia Góra
29%
Bocheński gmina wiejska Żegocina
29%
Brzeski gmina wiejska Borzęcin
28%
Brzeski gmina wiejska Dębno
27%
Miechowski gmina wiejska Racławice
27%
Bocheński gmina wiejska Rzezawa
27%
Myślenicki gmina wiejska Siepraw
27%
Myślenicki gmina wiejska Tokarnia
27%
Olkuski gmina wiejska Trzyciąż
27%
Bocheński gmina wiejska Drwinia
26%
Miechowski gmina wiejska Kozłów
26%
Nowosądecki gmina wiejska Łabowa
26%
Oświęcimski gmina wiejska Osiek
26%
Nowosądecki gmina wiejska Podegrodzie
26%
Gorlicki gmina wiejska Sękowa
26%
Limanowski gmina wiejska Słopnice
26%
Suski gmina wiejska Zembrzyce
26%
Tarnowski gmina wiejska Gromnik
25%
Limanowski gmina wiejska Jodłownik
25%
Suski gmina wiejska Stryszawa
25%
Bocheński gmina wiejska Trzciana
25%
Tarnowski gmina wiejska Wietrzychowice
25%
Nowosądecki gmina wiejska Kamionka Wielka
24%
Wadowicki gmina wiejska Wieprz
24%
Wadowicki gmina wiejska Brzeźnica
23%
Limanowski gmina wiejska Łukowica
23%
Oświęcimski gmina wiejska Przeciszów
23%
Gorlicki gmina wiejska Lipinki
22%
Wadowicki gmina wiejska Mucharz
22%
Proszowicki gmina wiejska Pałecznica
22%
Myślenicki gmina wiejska Raciechowice
22%
Miechowski gmina wiejska Charsznica
21%
Nowosądecki gmina wiejska Korzenna
21%
Gorlicki gmina wiejska Moszczenica
21%
Tarnowski gmina wiejska Pleśna
21%
Dąbrowski gmina wiejska Radgoszcz
21%
Wadowicki gmina wiejska Tomice
21%
Suski gmina wiejska Budzów
20%
Suski gmina wiejska Bystra-Sidzina
20%
Proszowicki gmina wiejska Koniusza
20%
Oświęcimski gmina wiejska Polanka Wielka
20%
Tarnowski gmina wiejska Rzepiennik Strzyżewski
20%
Miechowski gmina wiejska Gołcza
19%
Tarnowski gmina wiejska Skrzyszów
18%
Miechowski gmina wiejska Słaboszów
18%
Gorlicki gmina wiejska Łużna
17%
Proszowicki gmina wiejska Radziemice
17%
Tarnowski gmina wiejska Szerzyny
17%
Dąbrowski gmina wiejska Mędrzechów
16%
Dąbrowski gmina wiejska Olesno
16%
Dąbrowski gmina wiejska Gręboszów
15%
Wadowicki gmina wiejska Stryszów
15%
Nie znaleziono quizów pasujących do podanych kryteriów
Rozkład punktacji
Procent ludzi z każdym wynikiem
Percentyl według liczby udzielonych odpowiedzi
Twoja historia wyników
Nie rozwiązałeś tego quizu